000
00296nam a22001337a 4500
020
_q
PB.
040
_c
FIZZA ISHAQ
082
_a
004.019
_b
KOR
100
_a
KOROSU,
_9
91603
245
_a
HUMAN COMPUTER INTERACTION /
_c
KOROSU.
260
_b
SNS.
_c
2020.
300
_a
735 P. ;
942
_2
ddc
_c
BK
999
_c
589728
_d
589728